Vida del siervo de Dios R. P. Pablo Vallier Escartín
שמור ב:
| מחבר ראשי: | |
|---|---|
| פורמט: | ספר |
| שפה: | ספרדית |
| יצא לאור: |
Santiago
Imprenta Claret
1919
|
| נושאים: | |
| תגים: |
הוספת תג
אין תגיות, היה/י הראשונ/ה לתייג את הרשומה!
|
MARC
| LEADER | 00000nam a2200000 a 4500 | ||
|---|---|---|---|
| 001 | UCI5090 | ||
| 003 | CL-VaPUC | ||
| 008 | 080314e19190000CL |||||||||||||||||spa|d | ||
| 082 | 0 | 4 | |a 922.2 |b ALD |2 21 |
| 100 | 0 | |a Alduán F., Medardo |e author |9 527185 | |
| 245 | 1 | 0 | |a Vida del siervo de Dios R. P. Pablo Vallier Escartín |
| 300 | |a 384 p | ||
| 942 | |c BK | ||
| 945 | |d 20080314 00:00:00 |a rbrito | ||
| 260 | |a Santiago |b Imprenta Claret |c 1919 | ||
| 500 | |a Donación Padres Capuchinos | ||
| 600 | 0 | 7 | |a VALLIER ESCARTIN, PABLO |2 CL-VaPUC |9 527186 |
| 650 | 0 | |a Biografías |9 255210 | |
| 650 | 0 | |a Vida religiosa |9 257284 | |
| 583 | |a last modification |c 20080314 00:00:00 |k Rodrigo Vera | ||
| 999 | |c 328853 |d 328851 | ||
| 952 | |0 0 |1 0 |4 0 |6 922_200000000000000_ALD_1919 |7 0 |8 ? |9 413034 |a FDOBUD |b FDOBUD |d 2019-11-22 |i 4411390 |o 922.2 ALD 1919 |p 4411390 |r 2019-11-22 |w 2019-11-22 |y BK |k BUD | ||